01011nab a2200253uuc450000100070000000500170000700800410002403500110006503500210007604000130009704100080011010000650011824501250018365000420030865000460035065000430039665000410043965000510048065000390053165000430057077301150061394200100072899900190073898130720241025091658.0060628e20040201 spa  a981307 a(OCoLC)820355134 ccomduadb aspa 0aPáramo Rocha, Guillermo4aut0(viaf)309784252eaut941632610aUniversidad en Colombia tiene que plantearse el problema del mundo pero a partir de la conciencia de la propia identidad aIdentidad nacional - Colombia9102152 aUniversidades - Colombia - Historia96749 aDiversidad cultural - Colombia9135955 7aGeopolíticazColombia2lemb918028 7aGeopolítica - América Central2lemb937755 aUniversidad y conocimiento9142355 7aBiodiversidadzColombia2embne92188190 tAlma Mater. Universidad de Antioquia.(Medellín)gNúmero 518, Febrero 2004, p. 6w700931x1657-43030212942 cARIMP c389934d389934